000
00278nam a22001217a 4500
008
170629b xxu||||| |||| 00| 0 eng d
041
_a
eng
080
_a
94(4)
100
_a
16
101
_a
SHH
245
_a
THE RISE AND FALL OF THE THIRD REICH
_c
SHIRER,W.L
942
_2
udc
_c
BK
999
_c
19548
_d
19548